000 00969cam a2200217 4500
001 X115104
008 011012n2001 000 0 eng u
035 _a(Sirsi) u115104
245 _aFernlee Estates Ltd v City and County of Swansea and another
260 _c2001
490 _aEstates Gazette
_v[2001] 24 EG 161 (CS) (16/6/01)
520 _aQBD 18 May 2001. Council making definitive map modification order - Order adding bridleway to map - Inspector concluding presumed dedication of the way - National Assembly for Wales confirming order - Claimant objecting - Whether inspector erred - S31 of Highways Act 1980 - Claim dismissed.
650 _aFERNLEE ESTATES LTD V CITY AND COUNTY OF SWANSEA AND ANOTHER
650 _aMAP REVISION
650 _aBRIDLEWAY
650 _aHIGHWAYS ACT 1980 S31
650 _aPRESUMPTION OF DEDICATION
650 _aWILDLIFE AND COUNTRYSIDE ACT 1981 S53(3)(B)
690 _aPROPERTY AND LAND LAW-CASE LAW
942 _n0
999 _c68561
_d68561